Кн. 2; Человек без свойств

Detaylı Bibliyografya
Parent link:Человек без свойств: Роман/ Р. Музиль; пер. С. К. Апт. Кн. 2.— [Репринт. воспроизведение изд. 1984 г.].— , 1994
Dil:Rusça
Baskı/Yayın Bilgisi: 1994
Konular:
Materyal Türü: Kitap
KOHA link:https://koha.lib.tpu.ru/cgi-bin/koha/opac-detail.pl?biblionumber=101323

MARC

LEADER 00000nam0a2200000 4500
001 101323
005 20231031112604.0
010 |a 5862181431 
020 |a RU  |b 95-3675 
035 |a (RuTPU)RU\TPU\book\109196 
035 |a RU\TPU\book\109192 
090 |a 101323 
100 |a 20060911e1994 m y0rusy5003 ca 
101 1 |a rus  |c ger 
102 |a RU 
105 |a y z 000ay 
200 0 |a Кн. 2 
210 |d 1994 
215 |a 502 с. 
461 |t Человек без свойств  |o Роман  |o [В 2 кн.]  |v Кн. 2  |o Пер. с нем.  |f Р. Музиль  |g пер. С. К. Апт  |e [Репринт. воспроизведение изд. 1984 г.]  |d 1994 
610 1 |a Австро-Венгрия 
610 1 |a исторические романы 
675 |a 83  |z rus  |v 3 
801 0 |a RU  |b RuMRKP  |c 19950413  |g psbo 
801 1 |a RU  |b 63413507  |c 20060908  |g PSBO 
801 2 |a RU  |b 63413507  |c 20060911  |g PSBO 
942 |c BK